Elements of export marketing and management
| Main Author: | |
|---|---|
| Format: | Book |
| Published: |
London:
Chapman and Hall,
1990.
|
| Edition: | 2nd ed.. |
| Subjects: |
| LEADER | 00524cam a2200181 7i4500 | ||
|---|---|---|---|
| 001 | 0000002775 | ||
| 005 | 20220119090000.0 | ||
| 002 | ##000004043 | ||
| 020 | 0 | 0 | |a 0-412-35540-x |
| 090 | 0 | 0 | |a B 658.848 |b BRA |
| 100 | 1 | 0 | |a Branch |
| 245 | 0 | 0 | |a Elements of export marketing and management |c Alan E. Branch. |
| 250 | 0 | 0 | |a 2nd ed.. |
| 260 | 0 | 0 | |a London: |b Chapman and Hall, |c 1990. |
| 300 | 0 | 0 | |a 339p. |
| 650 | 0 | 0 | |a Export marketing |
| 650 | 0 | 0 | |a Export marketing -- |x Management |
| 999 | |a 000004228 |b Book |c Open shelf |e Business Information Centre | ||


